书目信息 |
| 题名: |
和谐与自由的保证
|
|
| 作者: | 魏特林 著 ;孙则明 译 | |
| 分册: | ||
| 出版信息: | 北京 商务印书馆 1960.4 |
|
| 页数: | 348页 | |
| 开本: | 20cm | |
| 丛书名: | ||
| 单 册: | ||
| 中图分类: | D046 | |
| 科图分类: | ||
| 主题词: | 社会主义革命--理论 , 无产阶级专政--理论 , 社会主义革命--关系--无产阶级专政 | |
| 电子资源: | ||
| ISBN: | ||
| 000 | 00722nam0 2200241 45 | |
| 001 | 0305191511 | |
| 005 | 20031219104109.8 | |
| 010 | @dCNY1.05 | |
| 091 | @a3017.40 | |
| 100 | @a20030519d1960 km y0chiy0120 ea | |
| 101 | 0 | @achi@cger |
| 105 | @ac z 000yy | |
| 200 | 1 | @a和谐与自由的保证@AHe Xie Yu Zi You De Bao Zheng@f(德)威廉·魏特林著@F(De)Wei Lian·Wei Te Lin Zhu@g孙则明译 |
| 210 | @a北京@c商务印书馆@d1960.4 | |
| 215 | @a348页@c冠图:肖像@d20cm | |
| 606 | 0 | @a社会主义革命@x理论 |
| 606 | 0 | @a无产阶级专政@x理论 |
| 606 | 0 | @a社会主义革命@x关系@x无产阶级专政 |
| 690 | @aD046@v3 | |
| 701 | 0 | @a魏特林@4著 |
| 702 | 0 | @a孙则明@ASun Ze Ming@4译 |
| 801 | @aCN@bTSTC@c20030521 | |
| 905 | @dD046@e2@f1@b24765 | |
| 和谐与自由的保证/(德)威廉·魏特林著/孙则明译.-北京:商务印书馆,1960.4 |
| 348页:冠图:肖像;20cm |
| ISBN :CNY1.05 |
| ● |
| 相关链接 |
|
|
|
|
正题名:和谐与自由的保证
索取号:D046/2
 
预约/预借
| 序号 | 登录号 | 条形码 | 馆藏地/架位号 | 状态 | 备注 |
| 1 | 0024765 | 001811855 | 第一样本阅览室/ [索取号:D046/2] | 在馆 |